000 00497cab a2200193 4500
001 X1129
008 090401t1993 xxu||||| |||| 00| 0 eng d
035 _a(Sirsi) u14844
041 _aeng
245 _aConstruction cuts could stall growth says BACMI
260 _c1993
350 _a0
490 _aCS Monthly : Minerals bulletin
_v3(2) October 1993, 1(1)
650 _aAGGREGATES SALES
650 _aGOVERNMENT FUNDING
690 _aBUILT ENVIRONMENT
942 _n0
948 _c04/03/1997
999 _c9688
_d9688